000
00294 a2200145 4500
001
161498
020
_a
040
_c
Magnum
100
_a
Pozenato, Jose Clemente
240
1
0
_a
O caso do martelo
_l
por
245
1
0
_a
O caso do martelo
362
0
_a
1899
697
_a
J/GERAL
942
_c
BK
999
_c
161498
_d
161498